Online
Catalog

La imprudencia de un regulador : (Record no. 48349)

MARC details
000 -CABECERA
campo de control de longitud fija 00552nam a2200169 a 4500
001 - NÚMERO DE CONTROL
campo de control 000048861
005 - FECHA Y HORA DE LA ÚLTIMA TRANSACCIÓN
campo de control 20201002061450.0
008 - DATOS DE LONGITUD FIJA--INFORMACIÓN GENERAL
campo de control de longitud fija 190422s2016 dr r 000 0 spa d
040 ## - FUENTE DE LA CATALOGACIÓN
Centro catalogador/agencia de origen DO-SdBNP
Lengua de catalogación spa
Centro/agencia transcriptor BNPHU
082 ## - NÚMERO DE LA CLASIFICACIÓN DECIMAL DEWEY
Número de clasificación xxxx
Número de documento/Ítem V335i
100 1# - ENTRADA PRINCIPAL--NOMBRE DE PERSONA
Nombre de persona Vásquez, José
9 (RLIN) 51928
245 13 - MENCIÓN DE TÍTULO
Título La imprudencia de un regulador :
Resto del título una experiencia para contador /
Mención de responsabilidad, etc. José Vásquez, Juan Almánzar.
260 ## - PUBLICACIÓN, DISTRIBUCIÓN, ETC.
Lugar de publicación, distribución, etc. Santo Domingo :
Nombre del editor, distribuidor, etc. s.n. ;,
Fecha de publicación, distribución, etc. 2016.
300 ## - DESCRIPCIÓN FÍSICA
Extensión 109 p. ;
Dimensiones 22 cm. +
Material acompañante/anejo CD-ROOM
500 ## - NOTA GENERAL
Nota general Bibliografía : p. 107-109
700 1# - PUNTO DE ACCESO ADICIONAL--NOMBRE DE PERSONA
Nombre de persona Almánzar, Juan
9 (RLIN) 76306
Holdings
Estado de retiro Estado de pérdida Restricciones de uso No para préstamo Código de colección Localización permanente Ubicación/localización actual Ubicación en estantería Fecha de adquisición Número de inventario Total de préstamos Signatura topográfica completa Código de barras Fecha visto por última vez Número de copia Precio válido a partir de Tipo de ítem Koha
        Dominicana de Servicio General General Depósito 22.04.2019 LF1   xxxx V335i 48861-30 25.06.2020 e.3 25.06.2020 Libro y Folleto Colección Dominicana de Servicio
      Excluido de préstamo Patrimonio Dominicano Patrimonio Dominicano Patrimonio Dominicano Depósito 22.04.2019 LF1   xxxx V335i 48861-10 25.06.2020   25.06.2020 Libro y Folleto Colección Patrimonio Dominicano
      Excluido de préstamo Patrimonio Dominicano Patrimonio Dominicano Patrimonio Dominicano Depósito 22.04.2019 LF1   xxxx V335i 48861-20 25.06.2020 e.2 25.06.2020 Libro y Folleto Colección Patrimonio Dominicano

Powered by Koha